| 000 | 00970nam a22002055i 4500 | ||
|---|---|---|---|
| 001 | 162077 | ||
| 003 | ES-MaACL | ||
| 005 | 20230906212425.0 | ||
| 008 | 020128s1859 sp |||| | spa d | ||
| 040 |
_aCAM _bspa _cCAM |
||
| 100 | 1 |
_aPicón, José. _991876 |
|
| 245 | 1 | 3 |
_aLa guerra de los sombreros _b: gacetilla lírica en un acto y en verso / _coriginal de José Picon ; musica de Manuel Fernandez Caballero. |
| 260 |
_aMadrid : _b[s.n.], _c1859 ( _fImprenta de José Rodriguez) |
||
| 300 |
_a33 p. ; _c20 cm. |
||
| 500 | _aEn port.: Estrenada en el teatro de la Zarzuela el mes de Junio de 1859. | ||
| 500 | _aSolo la letra. | ||
| 596 | _aEn pag.6 consta: "... la galeria dramática y lírica titulada El Teatro ..." | ||
| 700 | 1 |
_aFernández Caballero, Manuel. _949531 |
|
| 852 |
_aES-MaACL _jF-8632(2) _z-- Enc. pasta española _q-- Falto de la cub. original _z-- Enc. en un vol. facticio formando parte de la col. facticia "Teatro español moderno", vol. 87 |
||
| 999 |
_c162077 _d162077 |
||